Quels Pokémon...? (Tile selection quiz) - Statistiques

Statistiques générales
  • Ce quiz a été pris 367 fois
  • Le résultat moyen est 72 sur 80
Statistiques - réponses
Question Tuile Select % Correct
sont de type Feu? Airmure Non
100%
sont de type Feu? Crapustule Non
99%
sont de type Feu? Florizarre Non
99%
sont de type Feu? Linéon Non
99%
sont de type Feu? Maracachi Non
99%
sont de type Feu? Dracaufeu Oui
98%
sont de type Feu? Yveltal Non
98%
sont de type Feu? Dracolosse Non
97%
sont de type Feu? Feunard Oui
97%
sont des Pokémon Légendaires/Fabuleux? Airmure Non
96%
sont des Pokémon Légendaires/Fabuleux? Crapustule Non
96%
sont de la 1G? Darumacho Non
96%
sont des Pokémon Légendaires/Fabuleux? Dracaufeu Non
96%
sont des Pokémon Légendaires/Fabuleux? Florizarre Non
96%
sont de type Feu? Héricendre Oui
96%
sont de la 1G? Héricendre Non
96%
sont des Pokémon Légendaires/Fabuleux? Linéon Non
96%
sont de la 1G? Reshiram Non
96%
sont de la 1G? Scolocendre Non
96%
sont des Pokémon Légendaires/Fabuleux? Scolocendre Non
96%
sont de la 1G? Yveltal Non
96%
sont de la 1G? Charbi Non
95%
sont de type Vol? Charbi Non
95%
sont de type Vol? Chartor Non
95%
sont des Pokémon Légendaires/Fabuleux? Chartor Non
95%
sont de la 1G? Crapustule Non
95%
sont de type Vol? Crapustule Non
95%
sont de type Vol? Darumacho Non
95%
sont de type Vol? Feunard Non
95%
sont des Pokémon Légendaires/Fabuleux? Feunard Non
95%
sont de type Vol? Florizarre Non
95%
sont de type Vol? Héricendre Non
95%
sont des Pokémon Légendaires/Fabuleux? Héricendre Non
95%
sont de la 1G? Linéon Non
95%
sont de la 1G? Maracachi Non
95%
sont de type Vol? Maracachi Non
95%
sont de type Vol? Scolocendre Non
95%
sont des Pokémon Légendaires/Fabuleux? Charbi Non
94%
sont de la 1G? Chartor Non
94%
sont des Pokémon Légendaires/Fabuleux? Darumacho Non
94%
sont de type Vol? Linéon Non
94%
sont des Pokémon Légendaires/Fabuleux? Maracachi Non
94%
sont de type Feu? Chartor Oui
93%
sont des Pokémon Légendaires/Fabuleux? Dracolosse Non
93%
sont de la 1G? Ho-Oh Non
93%
sont de la 1G? Dracaufeu Oui
92%
ont un double-type? Héricendre Non
92%
sont des Pokémon Légendaires/Fabuleux? Ho-Oh Oui
92%
ont un double-type? Feunard Non
91%
sont de la 1G? Florizarre Oui
91%
sont de type Feu? Ho-Oh Oui
91%
sont des Pokémon Légendaires/Fabuleux? Reshiram Oui
91%
ont un double-type? Maracachi Non
90%
sont de type Vol? Ho-Oh Oui
89%
ont un double-type? Linéon Non
89%
sont de la 1G? Airmure Non
88%
sont de type Vol? Airmure Oui
88%
sont de type Feu? Darumacho Oui
87%
sont de type Feu? Scolocendre Oui
87%
sont des Pokémon Légendaires/Fabuleux? Yveltal Oui
87%
ont un double-type? Dracaufeu Oui
86%
sont de type Vol? Dracaufeu Oui
86%
sont de la 1G? Dracolosse Oui
86%
sont de type Feu? Reshiram Oui
86%
sont de type Vol? Reshiram Non
85%
ont un double-type? Dracolosse Oui
83%
sont de type Vol? Dracolosse Oui
83%
ont un double-type? Ho-Oh Oui
83%
ont un double-type? Chartor Non
82%
ont un double-type? Reshiram Oui
82%
sont de la 1G? Feunard Oui
81%
ont un double-type? Airmure Oui
79%
ont un double-type? Florizarre Oui
77%
ont un double-type? Yveltal Oui
77%
ont un double-type? Crapustule Oui
76%
ont un double-type? Darumacho Non
74%
sont de type Vol? Yveltal Oui
73%
ont un double-type? Charbi Non
66%
ont un double-type? Scolocendre Oui
66%
sont de type Feu? Charbi Non
52%
Aucun quiz correspondant
Distribution des résultats
% des personnes avec chaque résultat
Percentile par nombre de réponses
Votre historique - résultats
Vous n’avez pas pris ce quiz